The fundamentals of sonic art & sound design /

Bibliographic Details
Main Author: Gibbs, Tony, 1950-
Format: Book
Language:English
Published: Lausanne : London : AVA Academia ; Thames & Hudson [distributor], c2007.
Series:AVA academia
Subjects:
Classic Catalogue: View this record in Classic Catalogue
LEADER 01373nam a2200301 a 4500
001 0017851
003 BD-DhAAL
008 090706s2007 sz ac b 001 0 eng d
020 |a 9782940373499 (pbk.) :  |c £19.95 
020 |a 2940373493 (pbk.) :  |c £19.95 
040 |a StDuBDS   |b eng   |c StDuBDS  |d Uk  |d BD-DhAAL 
082 0 4 |a 781  |2 22 
100 1 |a  Gibbs, Tony,   |d  1950-  |9 31982 
245 1 4 |a The fundamentals of sonic art & sound design /  |c Tony Gibbs. 
260 |a Lausanne :  |b AVA Academia ;   |a London :  |b Thames & Hudson [distributor],  |c c2007. 
300 |a 175 p. :  |b ill. (some col.), ports. (chiefly col.) ;  |c 23 cm 
490 1 |a AVA academia 
500 |a Formerly CIP.   |5  Uk 
504 |a Includes bibliographical references and index. 
526 |a ARC  |x Md. Shajjad Hossain, Faculty members of the Department of Architecture 
541 1 |e 0017851  |a Zeenat Book Supply Limited 
650 0 |a Sound installations (Art).  |9 31983 
650 0 |a Sound recordings  |x Production and direction.  |9 31984 
830 |a AVA academia  |9 58003 
852 4 |a Ayesha Abed Library  |c General Stacks 
942 |2 ddc  |c BK 
999 |c 2111  |d 2111 
952 |0 0  |1 0  |2 ddc  |4 0  |6 781_GIB  |7 0  |9 1941  |a BRACUL  |b BRACUL  |c GEN  |d 2009-07-07  |e Zeenat Book Supply Limited  |g 3098.00  |l 0  |o 781 GIB  |p 3010017851  |r 2009-07-07  |t 1  |w 2009-07-07  |y BK  |x Requisitioned by Md. Shajjad Hossain (Faculty members of the Department of Architecture).